<?xml version="1.0" encoding="UTF-8"?>
<record
    xmlns:xsi="http://www.w3.org/2001/XMLSchema-instance"
    xsi:schemaLocation="http://www.loc.gov/MARC21/slim http://www.loc.gov/standards/marcxml/schema/MARC21slim.xsd"
    xmlns="http://www.loc.gov/MARC21/slim">

  <leader>01741    a2200229   4500</leader>
  <controlfield tag="001">59026</controlfield>
  <controlfield tag="005">20260407155845.0</controlfield>
  <controlfield tag="008">260407a1953    arg                 spa d</controlfield>
  <controlfield tag="003">AR-UNSa-BCEJYS</controlfield>
  <datafield tag="040" ind1=" " ind2=" ">
    <subfield code="a">AR-UNSa-BCEJYS</subfield>
    <subfield code="b">spa</subfield>
    <subfield code="c">AR-UNSa-BCEJYS</subfield>
  </datafield>
  <datafield tag="080" ind1=" " ind2=" ">
    <subfield code="a">338.1</subfield>
    <subfield code="x">Situaci&#xF3;n econ&#xF3;mica. Ciclos. Desarrollo de la estructura econ&#xF3;mica</subfield>
  </datafield>
  <datafield tag="245" ind1="1" ind2="0">
    <subfield code="a">Prosperidad y depresi&#xF3;n</subfield>
    <subfield code="p">an&#xE1;lisi te&#xF3;rico de los moviemintos c&#xED;clicos</subfield>
  </datafield>
  <datafield tag="250" ind1=" " ind2=" ">
    <subfield code="a">3a. ed.</subfield>
  </datafield>
  <datafield tag="264" ind1=" " ind2="1">
    <subfield code="a">M&#xE9;xico :</subfield>
    <subfield code="b">Fondo de Cultura Econ&#xF3;mica</subfield>
    <subfield code="c">1953</subfield>
  </datafield>
  <datafield tag="300" ind1=" " ind2=" ">
    <subfield code="a">539 p.</subfield>
    <subfield code="c">21 cm.</subfield>
  </datafield>
  <datafield tag="505" ind1=" " ind2=" ">
    <subfield code="a">Parte I: Examen sistem&#xE1;tico de las teor&#xED;as de los ciclos econ&#xF3;micos: 1. Observaciones preliminares &#x2013; 2. La teor&#xED;a puramente monetaria &#x2013; 3. Teor&#xED;as de la supercapitalizaci&#xF3;n &#x2013; 4. Las variaciones del costo de producci&#xF3;n, los desequilibrios en el sentido horizontal y el exceso de deudas, como causas de crisis y depresi&#xF3;n &#x2013; 5. Teor&#xED;as del subconsumo &#x2013; 6. Teor&#xED;as &#x201C;psicol&#xF3;gicas&#x201D; &#x2013; 7. Las teor&#xED;as de las cosechas. La agricultura y los ciclos econ&#xF3;micos &#x2013; 8. Algunos estudios recientes sobre las teor&#xED;as del ciclo econ&#xF3;mico &#x2013; Parte II: Exposici&#xF3;n general de la naturaleza y de la causa de los ciclos econ&#xF3;micos: 9. Definici&#xF3;n y medida de ciclo econ&#xF3;mico &#x2013; 10. El proceso de expansi&#xF3;n y de contracci&#xF3;n &#x2013; 11. Inversi&#xF3;n de las tendencias: crisis y recuperaci&#xF3;n &#x2013; 12. Aspectos internacionales de los ciclos econ&#xF3;micos &#x2013; Parte III: Nuevos comentarios sobre las &#xFA;ltimas aportaciones a la teor&#xED;a del ciclo econ&#xF3;mico: 13. El multiplicador, rigideces institucionales y gastos p&#xFA;blicos</subfield>
  </datafield>
  <datafield tag="942" ind1=" " ind2=" ">
    <subfield code="c">BK</subfield>
  </datafield>
  <datafield tag="590" ind1=" " ind2=" ">
    <subfield code="a">niveau_biblio:m niveau_hierar:0</subfield>
  </datafield>
  <datafield tag="100" ind1="1" ind2=" ">
    <subfield code="a">Haberler, Gottfried</subfield>
  </datafield>
  <datafield tag="700" ind1="1" ind2=" ">
    <subfield code="a">Franco, Gabriel</subfield>
  </datafield>
  <datafield tag="700" ind1="1" ind2=" ">
    <subfield code="a">M&#xE1;rquez, Javier</subfield>
  </datafield>
  <datafield tag="999" ind1=" " ind2=" ">
    <subfield code="c">6579</subfield>
    <subfield code="d">6579</subfield>
  </datafield>
  <datafield tag="952" ind1=" " ind2=" ">
    <subfield code="0">0</subfield>
    <subfield code="1">0</subfield>
    <subfield code="4">0</subfield>
    <subfield code="7">0</subfield>
    <subfield code="a">BCEJYS</subfield>
    <subfield code="b">BCEJYS</subfield>
    <subfield code="c">16</subfield>
    <subfield code="d">2026-04-07</subfield>
    <subfield code="l">0</subfield>
    <subfield code="o">338.1 H114 3ed.</subfield>
    <subfield code="p">L20266</subfield>
    <subfield code="r">2026-04-07 15:58:45</subfield>
    <subfield code="w">2026-04-07</subfield>
    <subfield code="y">L</subfield>
  </datafield>
</record>
